<?xml version="1.0" encoding="UTF-8"?>
<record
    xmlns:xsi="http://www.w3.org/2001/XMLSchema-instance"
    xsi:schemaLocation="http://www.loc.gov/MARC21/slim http://www.loc.gov/standards/marcxml/schema/MARC21slim.xsd"
    xmlns="http://www.loc.gov/MARC21/slim">

  <leader>03056nam a2200301   4500</leader>
  <controlfield tag="001">ESSALUD</controlfield>
  <controlfield tag="005">20260701150122.0</controlfield>
  <controlfield tag="007">ta</controlfield>
  <controlfield tag="008">      t        pe ||||| |||| 00| 0 spa d</controlfield>
  <datafield tag="040" ind1=" " ind2=" ">
    <subfield code="a">BMG</subfield>
  </datafield>
  <datafield tag="041" ind1=" " ind2=" ">
    <subfield code="a">spa</subfield>
  </datafield>
  <datafield tag="100" ind1=" " ind2=" ">
    <subfield code="a">Roca Ledesma, Carla Mijal</subfield>
    <subfield code="e">Autor</subfield>
    <subfield code="9">48376</subfield>
  </datafield>
  <datafield tag="245" ind1=" " ind2=" ">
    <subfield code="a">El da&#xF1;o por p&#xE9;rdida de oportunidad procesal en la responsabilidad civil del abogado. An&#xE1;lisis comparado entre Espa&#xF1;a y Per&#xFA;</subfield>
  </datafield>
  <datafield tag="246" ind1=" " ind2=" ">
    <subfield code="a">Damage from loss of procedural opportunity in the civil liability of lawyers. A comparative analysis between Spain and Peru</subfield>
  </datafield>
  <datafield tag="300" ind1=" " ind2=" ">
    <subfield code="a">p&#xE1;ginas 110-131</subfield>
  </datafield>
  <datafield tag="520" ind1=" " ind2=" ">
    <subfield code="a">La p&#xE9;rdida de oportunidad constituye una de las figuras m&#xE1;s controvertidas y relevantes del moderno derecho de da&#xF1;os. En el &#xE1;mbito de la responsabilidad civil profesional del abogado, esta categor&#xED;a adquiere especial trascendencia cuando la actuaci&#xF3;n negligente del letrado frustra la posibilidad del cliente de obtener una resoluci&#xF3;n judicial favorable. El presente art&#xED;culo analiza la p&#xE9;rdida de oportunidad procesal desde una perspectiva dogm&#xE1;tica y jurisprudencial, con especial &#xE9;nfasis en su configuraci&#xF3;n como da&#xF1;o aut&#xF3;nomo y patrimonial, su diferenciaci&#xF3;n frente a otros tipos de da&#xF1;os tradicionalmente reconocidos y los m&#xE9;todos de cuantificaci&#xF3;n empleados. El estudio adopta un enfoque comparado entre los ordenamientos jur&#xED;dicos de Espa&#xF1;a y Per&#xFA;, evidenciando el mayor desarrollo jurisprudencial espa&#xF1;ol y la todav&#xED;a incipiente construcci&#xF3;n doctrinal peruana. Finalmente, se formulan propuestas interpretativas orientadas a una correcta recepci&#xF3;n de la figura en el Derecho peruano.</subfield>
  </datafield>
  <datafield tag="520" ind1=" " ind2=" ">
    <subfield code="a">Loss of chance has become one of the most debated doctrines in contemporary tort low. With in the context of professional civil liability of lawyers, this concept plays o crucial role when negligent legal conduct deprives o client of the opportunity to obtain o favorable judicial outcome. This article examines procedural loss of chance from o doctrinal and jurisprudential perspective, focusing on its recognition as an autonomous and patrimonial damage, its distinction from traditional categories of damage, and the methods used for its quantification. A comparative analysis between Spanish and Peruvian legal systems highlights the advanced development of Spanish case low and the still incipient Peruvian approach. The article concludes with interpretative proposals aimed at facilitating the proper incorporation of this doctrine into Peruvian civil liability law.</subfield>
  </datafield>
  <datafield tag="650" ind1=" " ind2=" ">
    <subfield code="a">P&#xC9;RDIDA DE OPORTUNIDAD </subfield>
    <subfield code="9">53068</subfield>
  </datafield>
  <datafield tag="650" ind1=" " ind2=" ">
    <subfield code="a">RESPONSABILIDAD CIVIL DEL ABOGADO </subfield>
    <subfield code="9">53069</subfield>
  </datafield>
  <datafield tag="650" ind1=" " ind2=" ">
    <subfield code="a">DA&#xD1;O PATRIMONIAL </subfield>
    <subfield code="9">53070</subfield>
  </datafield>
  <datafield tag="650" ind1=" " ind2=" ">
    <subfield code="a">CUANTIFICACI&#xD3;N DEL DA&#xD1;O</subfield>
    <subfield code="9">53071</subfield>
  </datafield>
  <datafield tag="650" ind1=" " ind2=" ">
    <subfield code="a">LOSS OF CHANCE</subfield>
    <subfield code="9">53072</subfield>
  </datafield>
  <datafield tag="650" ind1=" " ind2=" ">
    <subfield code="a">LAWYER'S CIVIL LIABILITY </subfield>
    <subfield code="9">53073</subfield>
  </datafield>
  <datafield tag="650" ind1=" " ind2=" ">
    <subfield code="a">PATRIMONIAL DAMAGE </subfield>
    <subfield code="9">53074</subfield>
  </datafield>
  <datafield tag="650" ind1=" " ind2=" ">
    <subfield code="a">DAMAGE ASSESSMENT</subfield>
    <subfield code="9">53075</subfield>
  </datafield>
  <datafield tag="773" ind1="0" ind2=" ">
    <subfield code="0">22573</subfield>
    <subfield code="9">22621</subfield>
    <subfield code="d">Lima Grupo Praxis Formaci&#xF3;n Profesional, 2026-</subfield>
    <subfield code="o">PRA002</subfield>
    <subfield code="t">Praxis Civil &amp; Procesal Civil</subfield>
    <subfield code="w">ESSALUD</subfield>
    <subfield code="x">3119-7671</subfield>
  </datafield>
  <datafield tag="942" ind1=" " ind2=" ">
    <subfield code="c">ARTICULOS</subfield>
    <subfield code="e">2026-07-01</subfield>
    <subfield code="z">sqb</subfield>
  </datafield>
  <datafield tag="999" ind1=" " ind2=" ">
    <subfield code="c">22602</subfield>
    <subfield code="d">22602</subfield>
  </datafield>
</record>
